000 00406nam a2200169Ia 4500
008 240729s9999 xx 000 0 und d
022 _a2073-4409
245 0 _aCells
260 _aSwitzerland
260 _bMDPI AG
650 _a Biology (General)
650 _a Cytology
650 _aScience
856 _uhttps://doaj.org/toc/16c81f9638ad4ce3a4fe0c044f0c1407
942 _2ddc
942 _cDOAJEJ
999 _c69192
_d69192
945 _a1
_bMadushi Gamage
_c1
_dMadushi Gamage